1873 1492 1774 1188 1362 1882 1530 1483 1029 1871 1485 1470 1948 1823 1572 1809 1432 1587 1900 1797 1261 1777 1693 1367 1780 1813 1153 1099 1448 1157 1854 1463 1266 1491 1825 1427 1966 1878 1462 1379 1482 1507 1474 1737 1529 1941 1861 1667 1454 1293 1445 1364 1923 1068 1486 1627 1640 1603 1741 1034 1234 1651 1380 1222 1476 1112 1234 1332 1719 1542 1849 1173 1303 1601 1116 1312 1612 1446 1281 1825 1182 1680 1415 1574 1412 1339 1285 1748 1288 1631 1985 1756 1907 1587 1869 1947 1349 1467 1637 BCNSPRNW ULIB Ver.6.0+V

เปลี่ยนเป็นภาษาไทย

Change to English
 แสดงรายละเอียดบรรณานุกรม
  กลับหน้าหลัก

Brief Record : Get Marc (ISO 2709) : E-mail record : QR code < ปิดหน้าต่าง
LEADER : 00000nam 2200000uu 4500
001    13399113632
003     ULIB
008    110824s2550||||th 000 0 tha d
020    9786115200092
090    นว.^bล965ค 2550
100 0  โลรี, พีดีไอ
245 00 ความลับแห่งกุหลาบ = Secrets of the rose/^cโลรี, พีดีไอ
250    พิมพ์ครั้งที่ 1
260    กรุงเทพฯ :^b1168พับลิชชิ่ง,^c2550
300    446 หน้า
710 1  1168พับลิชชิ่ง
945    ^p245^l0^i021011
995    ทศพร
999     ^aใช้งานได้ทุกระบบ
รายการนี้ยังไม่มีแท็ก
คุณยังไม่ได้ล็อกอิน คุณสามารถมีกิจกรรมร่วมกับเว็บไซต์ได้ แต่ต้องล็อกอินก่อน ::
  ล็อกอิน

รายการสื่อสารสนเทศ

ลำดับที่ ประเภท เลขเรียก/บาร์โค้ด สถานที่ สถานะ
1. นวนิยาย
นวนิยาย
นว. ล965ค 2550 ฉ.1 
  Barcode: 021011
ห้องสมุดวิทยาเขตสวรรค์ประชารักษ์
►นวนิยาย
บนชั้น
  ขอยืม

BibComment


ยังไม่เคยถูกคอมเมนท์

คอมเมนท์ทรัพยากรรายการนี้
  คอมเมนท์: ความลับแห่งกุหลาบ..


 Copyright 2026. Bcnsprnw @Library